000
00276nas a22000973 4500
082
_a
388.0049
_b
JAC
_c
D
245
0
0
_a
Transport and Road Research Laboratory. TRRL report. Crowthorne, Eng.
526
_a
0
_b
0
_c
0
_d
388_004900000000000_JAC
650
_a
MCE
_9
379
942
_2
ddc
_c
BK
999
_c
543086
_d
543086